000 00869nam a2200217 a 4500
008 120416s1982 ||||||||||||||||| || u
020 _a0521288886
050 _aQA 331 Fie
100 _aField, Mike
245 1 0 _aSeveral complex variables and complex manifolds II
260 _aCambridge
_bCambridge University Press
_c1982
350 _a0.00
490 _aLondon Mathematical Society lecture note series
490 _v65-66
650 _aCOMPLEX MANIFOLDS
650 _aFunctions of several complex variables
650 0 _aMATHEMATICS--HANDBOOKS, MANUALS, ETC
856 _uhttp://www.loc.gov/catdir/description/cam022/81021590.html
856 _uhttp://www.loc.gov/catdir/toc/cam027/81021590.html
995 _D0.00
_FCBU-MAIN LIBRARY (Kitwe)
_H1
_I22.95
_M1
_UAVAILABLE
_ZAnnex Low-Usage Collection
999 _c57361
_d57361